000 01251nam a2200325Ia 4500
001 ebr10288273
003 CaPaEBR
006 m u
007 cr cn|||||||||
008 080902s2009 enk sb 000 0 eng d
010 _z 2008038440
020 _z9780195315073 (alk. paper)
040 _aCaPaEBR
_cCaPaEBR
035 _a(OCoLC)320779365
050 1 4 _aRC557
_b.W563 2009eb
100 1 _aWincze, John P.,
_d1943-
245 1 0 _aEnhancing sexuality
_h[electronic resource] :
_ba problem-solving approach to treating dysfunction : therapist guide /
_cJohn P. Wincze.
250 _a2nd ed.
260 _aOxford ;
_aNew York :
_bOxford University Press,
_c2009.
300 _aix, 134 p.
490 1 _aTreatments that work
504 _aIncludes bibliographical references.
533 _aElectronic reproduction.
_bPalo Alto, Calif. :
_cebrary,
_d2011.
_nAvailable via World Wide Web.
_nAccess may be limited to ebrary affiliated libraries.
650 0 _aSex therapy.
650 0 _aPsychotherapy.
655 7 _aElectronic books.
_2local
710 2 _aebrary, Inc.
830 0 _aTreatments that work.
856 4 0 _uhttp://site.ebrary.com/lib/rucke/Doc?id=10288273
_zAn electronic book accessible through the World Wide Web; click to view
999 _c958
_d958